000 00618nam a2200193 a 4500
001 000017414
005 20240412074247.0
008 100324s1946 dr r 000 j spa d
040 _aDO-SdBNP
_bspa
_cBNPHU
082 _aRD863.4
_bM647a
100 1 _aMiller O., Fredy,
_d1918-1959
_938103
245 1 0 _aAlmanaque literario de mi mundo /
_cFredy Miller O.
260 _aSanto Domingo :
_bDominicana Antillas Mayores,
_c1946.
300 _a86 p. ;
_c21 cm.
590 _aInventariado, 2019/BT
650 0 _aCuentos dominicanos
_9176
650 0 _aLiteratura dominicana.
_967
910 _aValidado. Control de calidad MFF
999 _c16939
_d16939